|
|
|
|
| LEADER |
01823nam a2200313 a 4500 |
| 001 |
15464 |
| 008 |
101129r20052000ii a b 001 0 eng d |
| 999 |
|
|
|c 10110
|d 10110
|
| 020 |
|
|
|a 8178081563
|
| 040 |
|
|
|a BD-DhAAL
|c BD-DhAAL
|
| 082 |
0 |
4 |
|a 005.117
|2 22
|
| 100 |
1 |
|
|a Booch, Grady.
|9 40355
|
| 245 |
1 |
0 |
|a Object-oriented analysis and design with applications /
|c Grady Booch.
|
| 250 |
|
|
|a Second edition
|
| 260 |
|
|
|a Delhi :
|b Addison Wesley Longman (Singapore)Indian Branch,
|c 2000 [Reprinted 2005]
|
| 300 |
|
|
|a 547 pages :
|b illustrations ;
|c 24 cm.
|
| 500 |
|
|
|a Rev. ed of: Object-oriented design with applications.
|
| 500 |
|
|
|a Reprint of 1994 ed., published by Benjamin/Cummings Pub. Co.
|
| 500 |
|
|
|a Copyright 2000 by Pearson Education Asia Pte. Ltd.
|
| 504 |
|
|
|a Includes bibliographical references (p. 507-526) and index.
|
| 541 |
|
|
|e 00015464
|
| 650 |
0 |
|
|a Object-oriented programming (Computer science)
|9 40356
|
| 852 |
4 |
|
|a Ayesha Abed Library
|j General Stacks
|
| 942 |
|
|
|2 ddc
|c BK
|
| 952 |
|
|
|0 0
|1 0
|2 ddc
|4 0
|6 005_110000000000000_BOO
|7 0
|9 13363
|a BRACUL
|b BRACUL
|c GEN
|d 2010-12-01
|l 1
|m 1
|o 005.11 BOO
|p 3010015463
|r 2022-06-28
|s 2022-06-19
|t 2
|w 2010-12-01
|y BK
|
| 952 |
|
|
|0 0
|1 0
|2 ddc
|4 0
|6 005_110000000000000_BOO
|7 0
|9 13364
|a BRACUL
|b BRACUL
|c GEN
|d 2010-12-01
|l 1
|o 005.11 BOO
|p 3010015464
|r 2024-01-03
|s 2024-01-03
|t 3
|w 2010-12-01
|y BK
|
| 952 |
|
|
|0 0
|1 0
|2 ddc
|4 0
|6 005_110000000000000_BOO
|7 0
|9 13365
|a BRACUL
|b BRACUL
|c GEN
|d 2010-12-01
|l 2
|o 005.11 BOO
|p 3010015462
|r 2024-01-04
|s 2024-01-04
|t 1
|w 2010-12-01
|y BK
|
| 952 |
|
|
|0 0
|1 0
|2 ddc
|4 0
|6 005_110000000000000_BOO
|7 0
|9 13366
|a BRACUL
|b BRACUL
|c GEN
|d 2010-12-01
|l 0
|o 005.11 BOO
|p 3010015465
|r 2010-12-01
|t 4
|w 2010-12-01
|y BK
|
| 952 |
|
|
|0 0
|1 0
|2 ddc
|4 0
|6 005_110000000000000_BOO
|7 0
|9 15857
|a BRACUL
|b BRACUL
|c GEN
|d 2011-03-27
|l 1
|m 14
|o 005.11 BOO
|p 3010015461
|r 2014-09-02
|s 2014-05-18
|t 5
|w 2011-03-27
|y BK
|